000 00659cam a22002171 4500
001 sa 68019131
003 DLC
005 20260227112717.0
008 711215s1967 ii b b 00000 eng
010 _asa 68019131 //r84
025 _aPL480:I-E-8648
043 _aa-ii---
050 0 _aRA741
_b.H38
100 1 0 _aHasan, Khwaja Arif.
245 1 4 _aThe cultural frontier of health in village India;
_bcase study of a north Indian village.
_cForeword by Hugh R. Leavell.
260 0 _aBombay,
_bManaktalas
_c[1967]
300 _axvi, 233 p.
_bfold. map.
_c23 cm.
350 _aRs28
504 _aBibliography: p. 221-228.
650 0 _aPublic health
_zIndia.
999 _c88835
_d88835